[Event "Valencia Region-ch Segunda"]
[Site "Valencia"]
[Date "2015.10.24"]
[Round "3.9"]
[White "Izquierdo Carbellido, Pablo"]
[Black "Moreno Soler, Angel"]
[Result "1/2-1/2"]
[WhiteElo "1386"]
[BlackElo "1546"]
[PlyCount "67"]
[EventDate "2015.10.03"]
[EventType "swiss"]
[EventRounds "7"]
[EventCountry "ESP"]
[SourceTitle "EXT 2024"]
[Source "ChessBase"]
[SourceDate "2023.10.10"]
[SourceVersion "1"]
[SourceVersionDate "2023.10.10"]
[SourceQuality "1"]

1. d4 Nf6 2. c4 g6 3. Nc3 Bg7 4. e4 d6 5. f4 e6 6. Nf3 0-0 7. Bd3 a5 8. h3 Re8 9. 0-0 c5 10. d5 Na6 11. a3 Nc7 12. g4 Nd7 13. Be3 f5 14. Qd2 fxg4 15. hxg4 Nf6 16. f5 exf5 17. exf5 Nxg4 18. Bg5 Qd7 19. fxg6 h6 20. Bf4 Rf8 21. Ne4 Ne8 22. Bg3 Ra6 23. Nh2 Nef6 24. Nxg4 Qxg4 25. Rf4 Qd7 26. Nxf6+ Rxf6 27. Rxf6 Bxf6 28. Qxh6 Qg7 29. Qxg7+ Kxg7 30. Rf1 Rb6 31. a4 Bh3 32. Rb1 Rb3 33. Kh2 Rxd3 34. Kxh3 1/2-1/2